Criminalística forense (Registro nro. 10992)
[ vista simple ]
| 000 -Cabecera | |
|---|---|
| Campo de control de longitud fija | 01045nam a22003977a 4500 |
| 005 - Fecha y hora de la última transacción | |
| Campo de control | 20250924152238.0 |
| 008 - Elementos de longitud fija--Información general | |
| Campo de control de longitud fija | 180810b2017 xxu||||| |||| 00| 0 spa d |
| 020 ## - International Standard Book Number | |
| Número Internacional Estándar del Libro (ISBN) | 9789507434082 |
| 041 ## - Idioma | |
| Código de idioma | Español |
| 082 ## - Clasificación Decimal Dewey | |
| Número de clasificación | 363.25 B744c |
| 100 ## - Entrada principal--Autor personal | |
| Nombre personal | Bosquet, Sergio |
| 9 (RLIN) | 49071 |
| 245 ## - Título propiamente dicho | |
| Título | Criminalística forense |
| 260 ## - Pie de imprenta | |
| Lugar de publicación, distribución, etc. | Argentina |
| 260 ## - Pie de imprenta | |
| Nombre del editor, distribuidor, etc. | Valleta |
| 260 ## - Pie de imprenta | |
| Fecha de publicación, distribución, etc. | 2017 |
| 300 ## - Descripción física | |
| Extensión | 252 páginas |
| 490 ## - Serie | |
| Título de la Serie | Investigación Criminal |
| 650 ## - Materia general | |
| Temática (materia general) | CRIMINALÍSTA FORENSE |
| 650 ## - Materia general | |
| Temática (materia general) | INVESTIGACIÓN CRIMINAL |
| 650 ## - Materia general | |
| Temática (materia general) | IDENTIFICACIÓN DE PERSONAS |
| 650 ## - Materia general | |
| Temática (materia general) | INSPECCIÓN OCULAR |
| 650 ## - Materia general | |
| Temática (materia general) | TECNOLOGÍA DIGITAL |
| 650 ## - Materia general | |
| Temática (materia general) | INDICIOS |
| 650 ## - Materia general | |
| Temática (materia general) | EVIDENCIAS |
| 650 ## - Materia general | |
| Temática (materia general) | ARMAS DE FUEGO |
| 650 ## - Materia general | |
| Temática (materia general) | CADÁVER |
| 650 ## - Materia general | |
| Temática (materia general) | DELITOS TECNOLÓGICOS |
| 650 ## - Materia general | |
| Temática (materia general) | RECONOCIMIENTO FOTOGRÁFICO |
| 650 ## - Materia general | |
| Temática (materia general) | ESCENA DEL CRIMEN |
| 650 ## - Materia general | |
| Temática (materia general) | PLANIMETRÍA |
| 650 ## - Materia general | |
| Temática (materia general) | HUELLAS LOFOSCÓPICAS |
| 650 ## - Materia general | |
| Temática (materia general) | MANCHAS DE SANGRE |
| 650 ## - Materia general | |
| Temática (materia general) | BALÍSTICA FORENSE |
| 650 ## - Materia general | |
| Temática (materia general) | DOCUMENTOSCOPÍA |
| 942 ## - Punto de acceso adicional KOHA | |
| Tipo de ítem KOHA | Libro |
| Fuente del sistema de clasificación o colocación | Dewey Decimal Classification |
| Signatura completa | Código de barras | Programa Académico | Tipo de ítem |
|---|---|---|---|
| 363.25 B744c | 23310 | Investigación Criminal | Libro |
| 363.25 B744c | 24135 | Investigación Criminal | Libro |